000 00755nam a22002777a 4500
001 BR7406356
003 BR-BrBNA
005 20230928084637.0
007 ta
008 230509b bl.||||| |||| 00| 0 por d
040 _aBR-BrBNA
_bpor
_cBiblioteca Nacional de Agricultura
041 _a(Por)
072 _aF00
_b2480
_b/G714
090 _ 2480 BR7406356
110 1 _aSuperintendencia da Borracha, Rio de Janeiro, RJ (Brasil)
_910023
245 1 _aBorracha na Malasia. Bibliografia
260 3 _aRio de Janeiro, RJ (Brasil):
_c[nd].
300 _a30 p.
500 _aPublished after 1973
650 _aBORRACHA
650 _aSERINGUEIRA
650 _aLATEX
650 _aBIBLIOGRAFIA
909 _a202309
_bLucia
_c55
_dLucia Elande
942 _cBK
999 _c20242
_d20242